000
00317pab a2200121 454500
008
180718b xxu||||| |||| 00| 0 eng d
100
_a
Lowenstein, L.E
245
_a
Police and justice: are they compatible? and what about the victim
650
_a
Crime
650
_a
Police
773
_a
Police Journal
909
_a
22310
999
_c
22310
_d
22310